| 000 | 00564nam a2200193 i 4500 | ||
|---|---|---|---|
| 001 | bg | ||
| 100 | 1 | _aTRELA, Marek | |
| 245 | 1 | 0 |
_aTechnologia chemiczna z maszynoznawstwem : _binżynieria reaktorów chemicznych / _cMarek Trela, Romuald Sulima, Henryka Olbrat. |
| 260 |
_aWarszawa : _bWSiP, _c1982. |
||
| 650 | 9 | _aTechnologia chemiczna | |
| 655 | _aPodręczniki szkolne | ||
| 700 | 1 | _aSULIMA, Romuald | |
| 700 | 1 | _aOLBROT, Henryka | |
| 040 | _cBPK | ||
| 041 | 0 | _apol | |
| 080 | _a66.01/.09(07) | ||
| 942 | _cKS | ||
| 008 | s pl f |000 0 pol | ||
| 999 |
_c10635 _d10635 |
||
| 856 |
_uhttp://koha.tu.koszalin.pl/cgi-bin/koha/opac-detail.pl?biblionumber=10635 _yKatalog online BPK |
||